000 00215nam a22000857a 4500
008 170215b xxu||||| |||| 00| 0 eng d
100 _92880
_aGupta
245 _aComposite Mathematics-VIII
260 _aNew Delhi
_bArya
_c2007
999 _c6107
_d6107